000
00272nam a22001217a 4500
008
180903b xxu||||| |||| 00| 0 eng d
041
_a
eng
080
_a
72
100
_a
41
101
_a
ARK
245
_a
Modern Architecture In Brazil
_c
Giedion.P.S
942
_2
udc
_c
BK
999
_c
47459
_d
47459